| 000 | 00664nam a22002297a 4500 | ||
|---|---|---|---|
| 999 |
_c9589 _d9589 |
||
| 003 | AR-CdUCM | ||
| 008 | 190312b ||||| |||| 00| 0 spa d | ||
| 040 |
_aMUNICIPALIDAD PROVINCIAL DEL CUSCO _cBIBLIOTECA MUNICIPAL DEL CUSCO |
||
| 041 | _hrus | ||
| 082 |
_a891.403 / _bT68T / 1946 |
||
| 100 |
_aTolstoi, Alexei _91548 |
||
| 245 | _aIvan el terrible / | ||
| 260 |
_aMoscù : _bLenguas Extranjeras, _c1946. |
||
| 300 |
_a271 páginas , _c20 cm. |
||
| 500 | _aTitulo original: Ivan the terrible | ||
| 505 | _aNovela | ||
| 650 |
_aLiteratura rusa _99988 |
||
| 650 |
_aSiglo XX _98 |
||
| 650 |
_aNovela dramática _925894 |
||
| 942 |
_2ddc _cLIBROS |
||
| 945 | _aacv | ||